| 000 | 02822nam a2200277 4500 | ||
|---|---|---|---|
| 001 | ESSALUD | ||
| 005 | 20260701103553.0 | ||
| 007 | ta | ||
| 008 | t pe ||||| |||| 00| 0 spa d | ||
| 040 | _aBMG | ||
| 041 | _aspa | ||
| 100 |
_aRioja Bermúdez, Alexander _eAutor _947321 |
||
| 245 |
_aEstrategias de litigación y teoría del caso _bPerspectivas en el modelo de oralidad civil |
||
| 246 |
_aLitigation Strategies and Case Theory _bPerspectives within the civil orality model |
||
| 300 | _apáginas 9-21 | ||
| 520 | _aEl autor considera que la teoría del caso trasciende la dicotomía entre "verdad" y "estrategia", demostrando que en el Derecho Procesal la verdad solo es procesalmente relevante cuando se presenta a través de un planteamiento estratégico que cumpla con los estándares de sencillez, lógica y suficiencia jurídica, convirtiendo al abogado en un profesional que no solo conoce la ley, sino que sabe narrar y probar. Asimismo, refiere que la utilidad de una teoría del caso correctamente estructurada trasciende la mera redacción de la demanda, convirtiéndose en el mapa estratégico que guía toda la actividad en el proceso civil, en la medida en que una de sus funciones primordiales es planificar y organizar los alegatos de apertura. Todo ello, afirma, es vital en el nuevo modelo de oralidad, pues permite al abogado presentar una hipótesis coherente que capture la atención del juez desde el primer contacto directo en la audiencia preliminar. | ||
| 520 | _aThe author posits that the cose theory tronscends the dichotomy between "truth" ond "strotegy," demonstroting thot in procedurol low, truth is only relevant when presented through a strotegic fromework that meets the standards of simp/icity, /ogic, and legal sufficiency. This tronsforms the lawyer into o professiono/ who not on/y knows the /ow but a/so masters norrotion and evidence. Furthermore, the author notes thot the utility of a proper/y structured cose theory goes beyond the mere drofting of the complaint; it serves os the strotegic roodmap guiding al! octivity within the civil proceedings, os one of its primory functions is to pion and organize the opening stotements. Al! of this, he osserts, is vital in the new orolity model, os it al/ows the /owyer to present o coherent hypothesis thot captures the judge's ottention from the first direct contoct at the preliminary hearing. | ||
| 650 |
_aTEORÍA DEL CASO _952919 |
||
| 650 |
_aLITIGACIÓN ORAL _952920 |
||
| 650 |
_aAUDIENCIA PRELIMINAR _952921 |
||
| 650 |
_aCASE THEORY _952922 |
||
| 650 |
_aORAL ADVOCACY _953037 |
||
| 650 |
_aPRELIMINARY HEARING _952924 |
||
| 773 | 0 |
_022573 _922620 _dLima Grupo Praxis Formación Profesional, 2026- _oPRA001 _tPraxis Civil & Procesal Civil _wESSALUD _x3119-7671 |
|
| 942 |
_cARTICULOS _e2026-06-30 _zsqb |
||
| 999 |
_c22574 _d22574 |
||